000 00712nam a2200265 i 4500
001 98021
003 ES-MaACL
005 20230906182213.0
007 t|
008 050721s1985 fr |||| | fre d
020 _a2-228-13660-3
080 _a936.4
080 _a299.16
100 1 _aMarkale, Jean.
_976911
245 1 3 _aLe druidisme
_b: traditions et dieux des celtes /
_cJean Markale.
260 _aParis :
_bPayot,
_c1985.
300 _a286 p. ;
_c23 cm.
490 1 _aBibliothèque historique
500 _aÍndice.
504 _aBibliografía.
650 4 _aDruidas y druidismo.
_9147780
830 0 _aBibliothèque historique
_9180899
852 _aES-MaACL
_jL-11653
999 _c98021
_d98021